书目信息 |
| 题名: |
一些经典数学问题的另类解算
|
|
| 作者: | 戈衍三 著 | |
| 分册: | ||
| 出版信息: | 北京 北京理工大学出版社 2007.09 |
|
| 页数: | 237页 | |
| 开本: | 26cm | |
| 丛书名: | ||
| 单 册: | ||
| 中图分类: | O1-0 | |
| 科图分类: | ||
| 主题词: | 数学问题--shu xue wen ti--研究 | |
| 电子资源: | ||
| ISBN: | 978-7-5640-1287-8 | |
| 000 | 00958nam0 2200241 450 | |
| 001 | 012007562453 | |
| 005 | 20071228154329.03 | |
| 010 | @a978-7-5640-1287-8@dCNY28.00 | |
| 100 | @a20071228d2007 km y0chiy0120 ea | |
| 101 | 0 | @achi |
| 102 | @aCN@b110000 | |
| 105 | @ay a 000yy | |
| 106 | @ar | |
| 200 | 1 | @a一些经典数学问题的另类解算@Ayi xie jing dian shu xue wen ti de ling lei jie suan@f戈衍三著@Fge yan san zhu |
| 210 | @a北京@c北京理工大学出版社@d2007.09 | |
| 215 | @a237页@d26cm | |
| 320 | @a有书目。 | |
| 330 | @a前苏联大学生数学竞赛题有不少经典性的题目,学生对这些题目的学习是一项重要的基础训练,并将长期起作用。本书从其中一些题目出发给出多种证明,然后从纵横多个侧面推广讨论,以理解题目深刻的数学思想,使数学的各种基本工具能灵活运用,进一步巩固对数学知识的掌握和理解。 | |
| 606 | 0 | @a数学问题@Ashu xue wen ti@x研究 |
| 690 | @aO1-0@v4 | |
| 701 | 0 | @a戈衍三@Age yan san@4著 |
| 801 | 0 | @aCN@bQSSK@c20071228 |
| 905 | @b273930-32@dO1-0@eG246@f3 | |
| 一些经典数学问题的另类解算/戈衍三著.-北京:北京理工大学出版社,2007.09 |
| 237页;26cm |
| ISBN 978-7-5640-1287-8:CNY28.00 |
| 前苏联大学生数学竞赛题有不少经典性的题目,学生对这些题目的学习是一项重要的基础训练,并将长期起作用。本书从其中一些题目出发给出多种证明,然后从纵横多个侧面推广讨论,以理解题目深刻的数学思想,使数学的各种基本工具能灵活运用,进一步巩固对数学知识的掌握和理解。 |
| ● |
| 相关链接 |
|
|
|
正题名:一些经典数学问题的另类解算
索取号:O1-0/G246
 
预约/预借
| 序号 | 登录号 | 条形码 | 馆藏地/架位号 | 状态 | 备注 |
| 1 | 273930 | 202739304 | 自科库401/ [索取号:O1-0/G246] | 在馆 | |
| 2 | 273931 | 202739313 | 自科库401/401自科库 105排2列3层/ [索取号:O1-0/G246] | 在馆 | |
| 3 | 273932 | 202739322 | 自科库401/401自科库 105排2列3层/ [索取号:O1-0/G246] | 在馆 |